|
|
|
|
| LEADER |
00000nlm0a2200000 4500 |
| 001 |
652643 |
| 005 |
20240724150839.0 |
| 029 |
1 |
0 |
|a RU
|b 2302647
|c Пат.
|d МПК G01T 1/00
|
| 035 |
|
|
|a (RuTPU)RU\TPU\network\17972
|
| 035 |
|
|
|a RU\TPU\network\8696
|
| 039 |
0 |
|
|a RU
|b 2002127866/28
|c 20021710
|
| 090 |
|
|
|a 652643
|
| 100 |
|
|
|a 20170120j20071007k y0rusy50 ca
|
| 101 |
0 |
|
|a rus
|
| 102 |
|
|
|a RU
|
| 105 |
|
|
|a a k 000zy
|
| 135 |
|
|
|a drcn ---uucaa
|
| 181 |
|
0 |
|a i
|
| 182 |
|
0 |
|a b
|
| 200 |
1 |
|
|a Способ измерения энергии, поглощенной газом в замкнутом реакторе
|g Научно-исследовательский институт высоких напряжений (НИИВН)
|f Г. Е. Ремнев, А. И. Пушкарев, М. И. Пушкарёв
|
| 203 |
|
|
|a Текст
|c электронный
|
| 300 |
|
|
|a опубл. 10.07.07
|
| 330 |
|
|
|a Изобретение относится к экспериментальной и технической физике, в частности к способам измерения энергии импульсного энергетического источника. Основной технической задачей предложенного изобретения является разработка способа измерения энергии импульсного энергетического источника, поглощенной газом в замкнутом реакторе, реализуемого при протекании экзотермических реакций в объеме реактора. Поставленная задача решается тем, что в предложенном способе измерения энергии, поглощенной газом в замкнутом реакторе, при импульсном энергетическом воздействии на газ, включающем измерение давления в объеме реактора, в отличие от известных аналогичных способов, датчиком давления регистрируют стоячие звуковые волны в объеме реактора, а энергию импульсного энергетического источника длительностью не более 10-2 секунды определяют расчетным путем на основании измеренных данных. При этом в качестве импульсного энергетического источника может быть использован импульсный электронный пучок.
|
| 610 |
1 |
|
|a патенты
|
| 610 |
1 |
|
|a труды учёных ТПУ
|
| 610 |
1 |
|
|a электронный ресурс
|
| 610 |
1 |
|
|a изобретения
|
| 700 |
|
1 |
|a Ремнев
|b Г. Е.
|c физик
|c профессор Томского политехнического университета, доктор технических наук
|f 1948-
|g Геннадий Ефимович
|3 (RuTPU)RU\TPU\pers\22004
|
| 701 |
|
1 |
|a Пушкарёв
|b А. И.
|c физик
|c профессор Томского политехнического университета, доктор физико-математических наук
|c старший научный сотрудник НИИ ВН Томского политехнического университета
|f 1954-
|g Александр Иванович
|3 (RuTPU)RU\TPU\pers\26414
|9 12118
|
| 701 |
|
1 |
|a Пушкарёв
|b М. И.
|c специалист в области автоматического управления
|c ассистент кафедры Томского политехнического университета
|f 1987-
|g Максим Иванович
|3 (RuTPU)RU\TPU\pers\29785
|
| 801 |
|
1 |
|a RU
|b 63413507
|c 20120201
|
| 801 |
|
2 |
|a RU
|b 63413507
|c 20170210
|g RCR
|
| 856 |
4 |
|
|u http://www.fips.ru/Archive/PAT/2007FULL/2007.07.10/DOC/RUNWC2/000/000/002/302/647/document.pdf
|
| 942 |
|
|
|c CF
|